Central Library OPAC University of Rajshahi

The Middle Classes Then and Now / (Record no. 41765)

MARC details
000 -LEADER
fixed length control field 00742nam a2200229 a 4500
001 - CONTROL NUMBER
control field 41765
003 - CONTROL NUMBER IDENTIFIER
rucl marc code (BD-RJUL)
005 - DATE AND TIME OF LATEST TRANSACTION
control field 20211209053439.0
008 - FIXED-LENGTH DATA ELEMENTS--GENERAL INFORMATION
fixed length control field 160606s1936 enk b 001 0 eng
035 ## - SYSTEM CONTROL NUMBER
System control number (BD-RJUL)41883
040 ## - CATALOGING SOURCE
Original cataloging agency DLC
Transcribing agency DLC
Modifying agency m.c
-- (BD-RJUL)
Language of cataloging eng
041 ## - LANGUAGE CODE
Language code of text/sound track or separate title eng
082 ## - DEWEY DECIMAL CLASSIFICATION NUMBER
Edition number 23
Classification number 323.32
Author mark and year PAM 1936
100 1# - MAIN ENTRY--PERSONAL NAME
Personal name Palm, Franklin Charles
9 (RLIN) 128303
245 14 - TITLE STATEMENT
Title The Middle Classes Then and Now /
Statement of responsibility, etc. Franklin Charles Palm
260 ## - PUBLICATION, DISTRIBUTION, ETC. (IMPRINT)
Place of publication, distribution, etc. New York :
Name of publisher, distributor, etc. Macmillan Company,
Date of publication, distribution, etc. 1936
300 ## - PHYSICAL DESCRIPTION
Pagination xiv, 421 p. ;
Size 22 cm
504 ## - BIBLIOGRAPHY, ETC. NOTE
Bibliography, etc Includes bibliography and index
650 #0 - SUBJECT ADDED ENTRY--TOPICAL TERM
Topical term or geographic name as entry element Middle class
Geographic subdivision Great Britain
9 (RLIN) 128304
830 #0 - SERIES ADDED ENTRY--UNIFORM TITLE
Uniform title Aspects of modern sociology : the social structure of modern Britain
942 ## - ADDED ENTRY ELEMENTS (KOHA)
Source of classification or shelving scheme Dewey Decimal Classification
Koha item type Books
Holdings
Lost status Source of classification or shelving scheme Damaged status Not for loan Collection code Permanent Location Current Location Shelving location Date acquired Source of acquisition Cost, normal purchase price Total Checkouts Full call number Date last seen Copy number Koha item type
  Dewey Decimal Classification     Non-fiction Central Library, University of Rajshahi Central Library, University of Rajshahi   11/04/1969 Zeithlinger 65.00   323.32 PAM 1936 06/06/2016 C-2 Books